000 00323nam a22001337a 4500
008 170616b xxu||||| |||| 00| 0 eng d
020 _a0382241894
041 _aeng
080 _a94(7/8)
100 _a20
101 _aSHP
245 _aTHE AMERICAN HERITAGE HISTORY OF THE BILL OF RIGHTS
_cBURGER,W.E
942 _2udc
_cBK
999 _c17887
_d17887